000 00600nam a2200205 a 4500
005 20140310183603.0
008 120613s19uu xx 00 eng d
020 _a9781861085269
050 _aTR 590
_b.C624 2010
100 _aCleghorn, Mark
245 _aThe Complete guide to light /
_cMark Cleghorn.
260 _aEast Sussex :
_bPhotographers' Institute Press,
_c2008.
300 _a176 p. :
_bcol. ill. ;
_c35 cm.
500 _aIncludes index.
521 _aMA
650 _aPhotography
_xLighting
650 _aPhotography
_xDigital techniques
942 _cBK
_2lcc
_kFOR
999 _c25134
_d25134